Маркетинг (Запись № 11476239)

Подробности
000 -МАРКЕР
контрольное поле 01821nam0a2200409 4500
001 - ИДЕНТИФИКАТОР ЗАПИСИ
контрольное поле RU\NLR\BIBL_A\011395449
005 - ИДЕНТИФИКАТОР ВЕРСИИ
контрольное поле 20250626060348.0
010 ## - МЕЖДУНАРОДНЫЙ СТАНДАРТНЫЙ НОМЕР КНИГИ (ISBN)
Номер (ISBN) 978-5-699-24064-7
035 ## - ДРУГИЕ СИСТЕМНЫЕ НОМЕРА
Идентификатор записи (NLR Aleph) 011395449
100 ## - ДАННЫЕ ОБЩЕЙ ОБРАБОТКИ
Данные общей обработки 20170529d2008 |||y0rusy50 ca
101 0# - ЯЗЫК РЕСУРСА
Язык текста, звукозаписи и т.д. русский
102 ## - СТРАНА ПУБЛИКАЦИИ ИЛИ ПРОИЗВОДСТВА
Страна публикации Российская Федерация
105 ## - ПОЛЕ КОДИРОВАННЫХ ДАННЫХ: ТЕКСТОВЫЕ МАТЕРИАЛЫ, МОНОГРАФИЧЕСКИЕ
Кодированные данные о монографическом текстовом документе y j 000zy
106 ## - ПОЛЕ КОДИРОВАННЫХ ДАННЫХ: ТЕКСТОВЫЕ РЕСУРСЫ – ФОРМА
Форма ресурса: кодированные данные: обозначение носителя s
200 1# - ЗАГЛАВИЕ И СВЕДЕНИЯ ОБ ОТВЕТСТВЕННОСТИ
Основное заглавие Маркетинг
Общее обозначение материала Электронный ресурс
Сведения, относящиеся к заглавию конспект лекций
Первые сведения об ответственности [Егорова М.М., Логинова Е.Ю., Швайко И.Г.]
210 ## - ПУБЛИКАЦИЯ, РАСПРОСТРАНЕНИЕ И ДР.
Место издания, распространения и т.д. [Б. м.]
Имя издателя, распространителя и т. д. Научная книга
Дата издания, распространения и т.д. 2008
215 ## - ФИЗИЧЕСКАЯ ХАРАКТЕРИСТИКА
Специфическое обозначение материала и объем 158, [1] с.
230 ## - ОБЛАСТЬ СПЕЦИФИЧЕСКИХ СВЕДЕНИЙ: ЭЛЕКТРОННЫЕ РЕСУРСЫ
Обозначение и объем ресурса Электрон. дан.
300 ## - ОБЩИЕ ПРИМЕЧАНИЯ
Текст примечания Загл. с титул. экрана
325 ## - ПРИМЕЧАНИЕ О КОПИИ
Текст примечания Копия доступна в Электрон. б-ке РНБ http://vivaldi.nlr.ru/bx000033231/view
337 ## - ПРИМЕЧАНИЕ О СИСТЕМНЫХ ТРЕБОВАНИЯХ (ЭЛЕКТРОННЫЕ РЕСУРСЫ)
Текст примечания Ресурс доступен в Электронной библиотеке РНБ
606 1# - НАИМЕНОВАНИЕ ТЕМЫ КАК ПРЕДМЕТ
Наименование темы Маркетинг
Формальный подзаголовок Учебные издания для высших учебных заведений
Системный номер авторитетной/нормативной записи 1262222
Идентификатор авторитетной/нормативной записи RU\NLR\AUTH\66200829
686 1# - ИНДЕКСЫ ДРУГИХ КЛАССИФИКАЦИЙ
Индекс У5-361.4я73
686 1# - ИНДЕКСЫ ДРУГИХ КЛАССИФИКАЦИЙ
Индекс У010.63я73
700 #1 - ИМЯ ЛИЦА - ПЕРВИЧНАЯ ОТВЕТСТВЕННОСТЬ
Начальный элемент ввода Егорова
Часть имени, кроме начального элемента ввода М. М.
Дополнения к именам, кроме дат экономист
Системный номер авторитетной/нормативной записи 174130
Идентификатор авторитетной/нормативной записи RU\NLR\AUTH\770174181
701 #1 - ИМЯ ЛИЦА - АЛЬТЕРНАТИВНАЯ ОТВЕТСТВЕННОСТЬ
Начальный элемент ввода Логинова
Часть имени, кроме начального элемента ввода Е.Ю.
701 #1 - ИМЯ ЛИЦА - АЛЬТЕРНАТИВНАЯ ОТВЕТСТВЕННОСТЬ
Начальный элемент ввода Швайко
Часть имени, кроме начального элемента ввода И.Г.
852 00 - МЕСТОНАХОЖДЕНИЕ И ШИФР ХРАНЕНИЯ
Идентификатор организации NLR
Шифр хранения (Call Number) ЭБ
942 ## - ДОПОЛНИТЕЛЬНЫЕ ЭЛЕМЕНТЫ ЗАПИСИ (АБИС)
Тип экземпляра АБИС Книга
980 ## - КОЛЛЕКЦИЯ
Название коллекции Национальная библиография
981 13 - КОЛЛЕКЦИЯ ЭЛЕКТРОННОЙ БИБЛИОТЕКИ
Название коллекции Документы, защищенные авторским правом
Название подколлекции Современная научная, научно-популярная и популярная литература

Нет доступных экземпляров.